| 000 | 00489nam a22001817a 4500 | ||
|---|---|---|---|
| 003 | CEME | ||
| 005 | 20230508114805.0 | ||
| 008 | 210104b xxu||||| |||| 00| 0 eng d | ||
| 020 | _a9788120329003 | ||
| 040 | _cceme | ||
| 082 | _a620.3 AMB | ||
| 100 |
_aAmbekar, A.G _968221 |
||
| 245 | _aMechanical Vibrations and Noise Engineering | ||
| 260 |
_aNEW DELHI: _bPHI LEARNING, _c2006 |
||
| 300 | _aX, 402P | ||
| 650 |
_aMECHANICAL VIBRATIONS.NOISE ENGINEERING. _968222 |
||
| 942 |
_cBK _2ddc |
||
| 999 |
_c575845 _d575845 |
||